000 00602nam a22002177a 4500
005 20210426124443.0
008 210201b2012 eng||||| |||| 00| 0 eng d
020 _a9780558925277
020 _a0558925278
040 _cDLC
041 _aeng
080 _a33
_bP-85
100 _9752
_aCFA program curriculum
245 _aPortfolio: Execution, evaluation and attribution, and global investment performance standards
250 _avplume 6, level 3
260 _bpearson
_c2012
300 _a384 p. :
650 0 _9446
_aEconomics
653 _aეკონნომიკა
942 _2udc
_cBK
999 _c1102
_d1102